00773nam a2200205 i 4500001000300000245012100003260005800124300004600182504003400228650004800262650001900310655002900329700002700358020001500385040000800400041000700408080001300415008004100428856009800469bg00aProceedings of the 6th American Water Jet Conference :bAugust 24-27, 1991 Houston, Texas /ced. by Thomas J. Labus. aSt. Louis :bWater Jet Technology Association,c1991. aIX, 647 s. :bfot., rys., wykr. ;c28 cm. aBibliogr. przy ref. - Indeks. 9aWysokociśnieniowa struga wodyxstosowanie 9aHydromechanika aMateriały konferencyjne1 aLABUS, Thomas J.eRed. a1880342006 cBPK0 aen a532(061) s pl f |000 0 pol  uhttp://koha.tu.koszalin.pl/cgi-bin/koha/opac-detail.pl?biblionumber=39885yKatalog online BPK